Ekonomické a politické aspekty rodovej rovnosti vo vybraných krajinách bakalárska práca

Saved in:
Bibliographic Details
Main Author: Klobučníková, Adriana
Corporate Author: Národohospodárska fakulta EU. Katedra financií
Other Authors: Neubauerová, Erika, 1968-
Format: Book
Language:Slovak
Published: Bratislava 2019
Tags: Add Tag
No Tags, Be the first to tag this record!

MARC

LEADER 00000nbm a2200000 4500
001 0256621
005 20191030125220.4
041 0 |a slo 
044 |a SK 
245 1 0 |a Ekonomické a politické aspekty rodovej rovnosti vo vybraných krajinách  |b bakalárska práca  |c Adriana Klobučníková ; školiteľ: Erika Neubauerová 
264 1 |a Bratislava  |c 2019 
300 |a 50 s. 
100 1 |a Klobučníková, Adriana 
700 1 |a Neubauerová, Erika, 1968- 
710 2 |a Národohospodárska fakulta EU. Katedra financií